Очистка сточных вод производств формалина и карбамидоформальдегидных смол от формальдегида; Химия и химическая технология на рубеже тысячелетий

Détails bibliographiques
Parent link:Химия и химическая технология на рубеже тысячелетий.— 2004.— [С. 267-268]
Auteur principal: Грушевенко И. Ю.
Autres auteurs: Ярополова Л. Н., Сидоренко А. А.
Résumé:Заглавие с титульного листа
Электронная версия печатной публикации
Langue:russe
Publié: 2004
Sujets:
Accès en ligne:http://www.lib.tpu.ru/fulltext/v/Conferences/2004/K01/41186.pdf
Format: Électronique Chapitre de livre
KOHA link:https://koha.lib.tpu.ru/cgi-bin/koha/opac-detail.pl?biblionumber=219501

MARC

LEADER 00000naa2a2200000 4500
001 219501
005 20260203163212.0
035 |a (RuTPU)RU\TPU\book\239571 
035 |a RU\TPU\book\239567 
090 |a 219501 
100 |a 20120709d2004 k y0rusy50 ca 
101 0 |a rus 
102 |a RU 
135 |a drnn ---uucaa 
181 0 |a i  
182 0 |a b 
200 1 |a Очистка сточных вод производств формалина и карбамидоформальдегидных смол от формальдегида  |f И. Ю. Грушевенко, Л. Н. Ярополова, А. А. Сидоренко 
203 |a Текст  |c электронный 
215 |a 1 файл (305 Кб) 
300 |a Заглавие с титульного листа 
300 |a Электронная версия печатной публикации 
337 |a Adobe Reader 
463 1 |0 (RuTPU)RU\TPU\book\74583  |t Химия и химическая технология на рубеже тысячелетий  |o материалы III Всероссийской научной конференции, Томск, 2-4 сентября 2004 г.  |f Российское химическое общество им. Д. И. Менделеева; Химия и химическая технология на рубеже тысячелетий. Всероссийская научная конференция; Российская Академия естествознания; Администрация Томской области; ООО "Томскнефтехим"; ЗАО "Метанол"; Томский политехнический университет  |v [С. 267-268]  |d 2004 
610 1 |a формалин 
610 1 |a формальдегид 
610 1 |a производство 
610 1 |a сточные воды 
610 1 |a очистка 
610 1 |a карбамиды 
610 1 |a смолы 
610 1 |a электронный ресурс 
700 1 |a Грушевенко  |b И. Ю. 
701 1 |a Ярополова  |b Л. Н. 
701 1 |a Сидоренко  |b А. А. 
801 1 |a RU  |b 63413507  |c 20120529 
801 2 |a RU  |b 63413507  |c 20120709  |g RCR 
856 4 |u http://www.lib.tpu.ru/fulltext/v/Conferences/2004/K01/41186.pdf 
942 |c CF